000 00449 a2200133 4500
001 87995
082 _aPR 294
090 _c41464
_d41464
100 _aHaseeb Ali Muhammad; Zia Mehmood, advisor
245 _aStudy the effects of fiber volume fraction, fiber length and fillers on fracture toughness and fracture energy of glass fiber composite panels
_nG-68
260 _aRisalpur
_bNUST
_c2010
300 _a57 p.
500 _aBE project reports AE
942 _aCAE NUST
_kPR 294
999 _c323068
_d323068